<?xml version="1.0" encoding="UTF-8"?><?xml-stylesheet type="text/xsl" href="static/style.xsl"?><OAI-PMH xmlns="http://www.openarchives.org/OAI/2.0/" xmlns:xsi="http://www.w3.org/2001/XMLSchema-instance" xsi:schemaLocation="http://www.openarchives.org/OAI/2.0/ http://www.openarchives.org/OAI/2.0/OAI-PMH.xsd"><responseDate>2026-04-18T02:26:18Z</responseDate><request verb="GetRecord" identifier="oai:riubu.ubu.es:10259/10342" metadataPrefix="marc">https://riubu.ubu.es/oai/request</request><GetRecord><record><header><identifier>oai:riubu.ubu.es:10259/10342</identifier><datestamp>2025-03-19T01:05:32Z</datestamp><setSpec>com_10259_5786</setSpec><setSpec>com_10259_5086</setSpec><setSpec>com_10259_2604</setSpec><setSpec>col_10259_5787</setSpec></header><metadata><record xmlns="http://www.loc.gov/MARC21/slim" xmlns:doc="http://www.lyncode.com/xoai" xmlns:xsi="http://www.w3.org/2001/XMLSchema-instance" xmlns:dcterms="http://purl.org/dc/terms/" xsi:schemaLocation="http://www.loc.gov/MARC21/slim http://www.loc.gov/standards/marcxml/schema/MARC21slim.xsd">
<leader>00925njm 22002777a 4500</leader>
<datafield tag="042" ind1=" " ind2=" ">
<subfield code="a">dc</subfield>
</datafield>
<datafield tag="720" ind1=" " ind2=" ">
<subfield code="a">Almendros Pacheco, J.</subfield>
<subfield code="e">author</subfield>
</datafield>
<datafield tag="720" ind1=" " ind2=" ">
<subfield code="a">Moral García, José Enrique</subfield>
<subfield code="e">author</subfield>
</datafield>
<datafield tag="720" ind1=" " ind2=" ">
<subfield code="a">Arroyo del Bosque, Rubén</subfield>
<subfield code="e">author</subfield>
</datafield>
<datafield tag="720" ind1=" " ind2=" ">
<subfield code="a">Maneiro Dios, Rubén</subfield>
<subfield code="e">author</subfield>
</datafield>
<datafield tag="260" ind1=" " ind2=" ">
<subfield code="c">2022-03</subfield>
</datafield>
<datafield tag="520" ind1=" " ind2=" ">
<subfield code="a">El conocimiento de las variables psicológicas que intervienen en el rendimiento deportivo es un aspecto fundamental alcanzar el éxito en la competición. El propósito de este estudio ha sido identificar y describir las principales características psicológicas de jugadores de pádel de rendimiento, comparar las características psicológicas entre los jugadores de pádel en función del sexo (hombre-mujer), correlacionar las características psicológicas en jugadores de pádel de nivel rendimiento (ambos sexos) y comparar los resultados con los hallados en la muestra general de deportistas. Utilizando el cuestionario Características Psicológicas Relacionadas con el Rendimiento Deportivo (CPRD) como instrumento de evaluación, los resultados disponibles muestran que los jugadores de pádel obtienen menores puntuaciones en las diferentes escalas CPRD que la muestra general de deportistas; las competidoras femeninas muestran mejores prestaciones psicológicas que los competidores masculinos; por último, las correlaciones entre las escalas son distintas en función del sexo.</subfield>
</datafield>
<datafield tag="520" ind1=" " ind2=" ">
<subfield code="a">Knowledge of the psychological variables involved in sports performance is a fundamental aspect of achieving success in competition. The purpose of this study was to identify and describe the main psychological characteristics of high-performance padel players, to compare the psychological characteristics of padel players according to gender (male-female), to correlate the psychological characteristics of high-level padel players performance (both sexes) and compare the results with those found in the general sample of athletes. Using the Psychological Characteristics Related to Sports Performance (CPRD) questionnaire as an evaluation instrument, the available results show that paddle tennis players obtain lower scores on the different CPRD scales than the general sample of athletes; female competitors show better psychological performance than male competitors; finally, the correlations between the scales are different depending on gender.</subfield>
</datafield>
<datafield tag="024" ind2=" " ind1="8">
<subfield code="a">2695-9305</subfield>
</datafield>
<datafield tag="024" ind2=" " ind1="8">
<subfield code="a">http://hdl.handle.net/10259/10342</subfield>
</datafield>
<datafield ind1=" " ind2=" " tag="653">
<subfield code="a">Habilidades psicológicas</subfield>
</datafield>
<datafield ind1=" " ind2=" " tag="653">
<subfield code="a">Evaluación psicológica</subfield>
</datafield>
<datafield ind1=" " ind2=" " tag="653">
<subfield code="a">Pádel</subfield>
</datafield>
<datafield ind1=" " ind2=" " tag="653">
<subfield code="a">Rendimiento deportivo</subfield>
</datafield>
<datafield ind1=" " ind2=" " tag="653">
<subfield code="a">Deporte</subfield>
</datafield>
<datafield ind1=" " ind2=" " tag="653">
<subfield code="a">Psychological skills</subfield>
</datafield>
<datafield ind1=" " ind2=" " tag="653">
<subfield code="a">Psychological evaluation</subfield>
</datafield>
<datafield ind1=" " ind2=" " tag="653">
<subfield code="a">Paddle tennis</subfield>
</datafield>
<datafield ind1=" " ind2=" " tag="653">
<subfield code="a">Sports performance</subfield>
</datafield>
<datafield tag="245" ind1="0" ind2="0">
<subfield code="a">Análisis de las características psicológicas relacionadas con el rendimiento deportivo en pádel</subfield>
</datafield>
</record></metadata></record></GetRecord></OAI-PMH>